书目信息 |
| 题名: |
梦开始的地方
|
|
| 作者: | 许祖馨 主编 ;徐久生 编写 | |
| 分册: | 三 | |
| 出版信息: | 上海 上海教育出版社 2004.01 |
|
| 页数: | 207页 | |
| 开本: | 20cm | |
| 丛书名: | 名人之初丛书 | |
| 单 册: | ||
| 中图分类: | K812-49 | |
| 科图分类: | ||
| 主题词: | 名人--生平事迹--青年读物--世界 | |
| 电子资源: | ||
| ISBN: | 7-5320-8630-5 | |
| 000 | 00880nam 2200253 450 | |
| 001 | 010253375891 | |
| 005 | 20051025093338.51 | |
| 010 | @a7-5320-8630-5@dCNY14.00 | |
| 100 | @a20050919d2004 km y0chiy0120 ea | |
| 101 | 0 | @achi |
| 102 | @aCN@b310000 | |
| 105 | @ay z 000yc | |
| 200 | 1 | @a梦开始的地方@Ameng kai shi de di fang@h三@f许祖馨主编@Fxu zu xin zhu bian@g徐久生等编写@Gxu jiu sheng deng bian xie |
| 210 | @a上海@c上海教育出版社@d2004.01 | |
| 215 | @a207页@d20cm | |
| 225 | 2 | @a名人之初丛书 |
| 330 | @a该书叙写了王进喜、孟泰、徐虎、詹天佑、李素丽、比尔·盖茨等中外名人的成才故事,诠释了成功名人的时代精神等内容。 | |
| 410 | 0 | @12001 @a名人之初丛书 |
| 606 | 0 | @a名人@x生平事迹@x青年读物@y世界 |
| 690 | @aK812-49@v4 | |
| 701 | 0 | @a许祖馨@Axu zu xin@4主编 |
| 702 | 0 | @a徐久生@Axu jiu sheng@4编写 |
| 801 | 0 | @aCN@bQSSK@c20051025 |
| 905 | @a10447@dK812-49@eX917:3 | |
| 梦开始的地方.三/许祖馨主编/徐久生等编写.-上海:上海教育出版社,2004.01 |
| 207页;20cm.-(名人之初丛书) |
| ISBN 7-5320-8630-5:CNY14.00 |
| 该书叙写了王进喜、孟泰、徐虎、詹天佑、李素丽、比尔·盖茨等中外名人的成才故事,诠释了成功名人的时代精神等内容。 |
| ● |
| 相关链接 |
|
|
|
正题名:梦开始的地方
索取号:K812-49/X917:3
 
预约/预借
| 序号 | 登录号 | 条形码 | 馆藏地/架位号 | 状态 | 备注 |
| 1 | 571779 | 205717795 | 社科库309/309社科库 42排5列6层/ [索取号:K812-49/X917:3] | 在馆 | |
| 2 | 571780 | 205717802 | 社科库309/309社科库 42排5列6层/ [索取号:K812-49/X917:3] | 在馆 | |
| 3 | 571781 | 205717811 | 社科库309/309社科库 42排5列6层/ [索取号:K812-49/X917:3] | 在馆 |